01010nam a22001937a 4500003000800000008004100008037002000049040003500069041000800104080001600112100003200128245020400160260009600364300002200460500019100482650009100673655002300764700002900787BI-BuBU240903b2022 fre fr|||| 000 0 fre d cdon de l'auteur aBI-BuBUbfrecBI-BuBUdBI-BuBU 0afre a336.142.2321 4aut.aNiyonahabonye, Alexis10aFinancement du déficit budgétaire dans un contexte d'union monétairebCas des pays de la Communauté de l'Afrique de l'Est ( 1990-2020 )cAlexis Niyonahabonye ; Fréderic Nimubona , directeur aBujumburabUniversité du Burundi, Facultés des sciences Economiques et de Gestionc2022 aXV-125 f.c30 cm. aMémoire présenté et soutenu publiquement en vue de l'obtention du diplôme de master en Analyse Économique et Développement International Spécialité: analyse économique 72BI-BuBUaDéficit budgetairexFinancementzCommunaute de l'Arique de l'Esty1990-2020 72BI-BuBUaMémoire 4dir.aNimubona, Frederic